Normal view
MARC view
- المعارف العامة -اختبارات- أسئلة
Entry Topical Term
001 - CONTROL NUMBER
- control field: 18662
003 - CONTROL NUMBER IDENTIFIER
- control field: JO-AjAnu
005 - DATE AND TIME OF LATEST TRANSACTION
- control field: 20230606073256.0
008 - FIXED-LENGTH DATA ELEMENTS
- fixed length control field: 230606|| aca||aabn | a|a d
040 ## - CATALOGING SOURCE
- Original cataloging agency: JO-AjAnu
- Transcribing agency: JO-AjAnu
150 ## - HEADING--TOPICAL TERM
- Topical term or geographic name entry element: المعارف العامة -اختبارات- أسئلة
670 ## - SOURCE DATA FOUND
- Source citation: Work cat.: (JO-AjAnu)9579: ليوكيم،اركادي ، السايس،سوزام/ترجمة ، ناصيف،وليد/اعداد وتقديم, author 18661, ما زال هناك الاكثر: اخبرني لماذا